| 000 | 00866nam a22001937a 4500 | ||
|---|---|---|---|
| 999 |
_c58974 _d58974 |
||
| 003 | Ge_BSU | ||
| 005 | 20221025163216.0 | ||
| 008 | 221025s1993 ge ||||| |||| 00| 0 geo d | ||
| 041 | _ageo | ||
| 080 | _a327 ჭ-49 | ||
| 100 |
_aჭიპაშვილი, ჰამლეტ _915541 |
||
| 245 |
_aდიპლომატიის ანბანი / _c ჰამლეტ ჭიპაშვილი ; [რედ.: ილია ტაბაღუა, ჯონდო ქილარჯიანი]. |
||
| 264 |
_aთბილისი : _bიანუსი, _c1993. |
||
| 300 |
_a260 გვ. ; _b20 სმ. |
||
| 653 | _aდიპლომატია | ||
| 700 |
_aტაბაღუა, ილია _eრედაქტორი _915474 |
||
| 700 |
_aქილარჯიანი, ჯონდო _eრედაქტორი _915542 |
||
| 942 |
_2udc _cBK |
||